Tính cách người Sài Gòn - Gia Định (1698-1998) /

Bewaard in:
Bibliografische gegevens
Hoofdauteur: Nguyễn Phúc.
Formaat: Artikel
Taal:Vietnamese
Onderwerpen:
Tags: Voeg label toe
Geen labels, Wees de eerste die dit record labelt!
Thư viện lưu trữ: Thư viện Trường Đại học Đà Lạt
LEADER 00786nam a2200277 4500
001 DLU090073397
005 ##20090514
040 # # |a DLU  |b vie 
041 # # |a vie 
044 # # |a vn 
100 # # |a Nguyễn Phúc. 
245 # # |a Tính cách người Sài Gòn - Gia Định (1698-1998) /  |c Nguyễn Phúc. 
653 # # |a Phương pháp luận 
653 # # |a Tính cách 
653 # # |a Tp. Hồ Chí Minh 
653 # # |a Văn hoá cổ truyền 
773 # # |t Khoa học Xã hội   |g Số 38, 1998, tr. 22-27 
920 # # |a Phòng Tạp chí -- Trung tâm Thông tin - Thư viện Trường Đại học Đà Lạt 
994 # # |a DLU 
900 # # |a True 
911 # # |a Nguyễn Thanh Hương 
925 # # |a G 
926 # # |a A 
927 # # |a BB 
980 # # |a Thư viện Trường Đại học Đà Lạt